000 00671nam a2200241Ia 4500
003 AR-BeUNQ
005 20240429125145.0
008 221202s9999 xx 000 0 und d
020 _a978987629021
040 _aAR-BeUNQ
_bspa
_eaacr
_cAR-BeUNQ
100 _aFreire, Paulo.
245 0 _aLa educación como práctica de la libertad
250 _a2a ed.
260 _aBuenos Aires
_bSiglo XXI
_c2010
300 _a152 p. ;
_c21 x 14 cm
490 _aBiblioteca Clásica de Siglo Veintiuno
546 _aEspañol
653 _aEducación
653 _aPedagogia
700 _aRonzoni, Lilien
929 _bMEN
_e2022
_aDONACION
_fPAT 0081578
_j59631
942 _cLIB
_n0
999 _c626
_d626